Sclerotium rolfsii disese management by flooding in greenhouse condition; ឥទ្ធិពលនៃការពន្លិចទឹក ក្នុងការម្ចាត់ផ្សិតក្លែរ៉ូញ៉ូម រុស្ស៊ី លើដំណាំសណ្ដែកបាយនៅក្នុងលក្ខខ័ណ្ណផ្ទះកញ្ចក់ (Record no. 7931)

000 -LEADER
fixed length control field 00771nam a22001577a 4500
003 - CONTROL NUMBER IDENTIFIER
control field OSt
005 - DATE AND TIME OF LATEST TRANSACTION
control field 20160401103016.0
008 - FIXED-LENGTH DATA ELEMENTS--GENERAL INFORMATION
fixed length control field 160401b xxu||||| |||| 00| 0 eng d
040 ## - CATALOGING SOURCE
Transcribing agency RUA
082 ## - DEWEY DECIMAL CLASSIFICATION NUMBER
Classification number AGR ONG 2010 B472 Or.1
100 ## - MAIN ENTRY--PERSONAL NAME
9 (RLIN) 8294
Personal name ONG SOCHEATH; អុង សុជាតិ
245 ## - TITLE STATEMENT
Title Sclerotium rolfsii disese management by flooding in greenhouse condition; ឥទ្ធិពលនៃការពន្លិចទឹក ក្នុងការម្ចាត់ផ្សិតក្លែរ៉ូញ៉ូម រុស្ស៊ី លើដំណាំសណ្ដែកបាយនៅក្នុងលក្ខខ័ណ្ណផ្ទះកញ្ចក់
260 ## - PUBLICATION, DISTRIBUTION, ETC. (IMPRINT)
Place of publication, distribution, etc. Phnom penh
Name of publisher, distributor, etc. RUA
Date of publication, distribution, etc. 2010
300 ## - PHYSICAL DESCRIPTION
Extent xiii;55p.
Other physical details ill.
Dimensions 29cm.
942 ## - ADDED ENTRY ELEMENTS (KOHA)
Source of classification or shelving scheme
Koha item type AGR
Holdings
Price effective from Date last seen Permanent Location Not for loan Date acquired Source of classification or shelving scheme Koha item type Lost status Withdrawn status Date last checked out Total Checkouts Shelving location Damaged status Barcode Current Location Full call number
2016-04-012020-06-08Library Block B 2016-04-01 AGR  2020-05-274B472 RUA057257Library Block BAGR ONG 2010 B472 Or.1
មជ្ឈមណ្ឌលឯការនៃសាកលវិទ្យាល័យភូមិន្ទកសិកម្មចំការដូង

Powered by Koha